00890 a2200157 4500003000500000005001700005022001500022040000900037082001800046100002000064245010600084260003200190300001000222505045300232650004700685Nust20221019164329.0 a9812531394 cNust a620.00151,THO aThompson,Erik G a Introduction to the Finite Element MethodbTheory ,Programminng and Applications/cErock G ,Thompson aIndiab Wiley, & sonsc2005 a343:p aIntroduction (Page-1), Calculus Of Variations (Page-23), A Finite Element Program (Page-35), Linear Second-Order Ordinary Differential Equations (Page-53), A Finite Element Function For Two Dimensions (Page-83), Poison’s Equations (Page-91), Higher Order Elements (Page-133), A FEM Program For Two Dimensional Boundary Value Problems (Page-157), Analysis Of Transient Behavior (Page-191), Elasticity (Page-221), Higher Order Equations (Page-261). a Interduction to the Finite Element Method